Dungeons and Dragons Monster Manual - Statistics

General Stats
  • This quiz has been taken 196 times
    194 since last reset
  • The average score is 146 of 429
Answer Stats
Monster Type CR % Correct
Zombie Undead 1/4
87%
Goblin Humanoid 1/4
83%
Beholder Aberration 13
79%
Fire Elemental Elemental 5
79%
Adult Red Dragon Dragon 17
78%
Earth Elemental Elemental 5
78%
Orc Humanoid 1/2
78%
Lich Undead 21
77%
Ogre Giant 2
77%
Air Elemental Elemental 5
76%
Skeleton Undead 1/4
76%
Adult Blue Dragon Dragon 16
73%
Adult Green Dragon Dragon 15
73%
Fire Giant Giant 9
73%
Hobgoblin Humanoid 1/2
73%
Water Elemental Elemental 5
73%
Adult Black Dragon Dragon 14
72%
Bugbear Humanoid 1
72%
Vampire Undead 13
72%
Adult White Dragon Dragon 13
71%
Ancient Red Dragon Dragon 24
71%
Wolf Beast 1/4
71%
Adult Silver Dragon Dragon 16
70%
Hill Giant Giant 5
70%
Mind Flayer Aberration 7
70%
Ghost Undead 4
69%
Owl Beast 0
69%
Adult Gold Dragon Dragon 17
68%
Young Red Dragon Dragon 10
68%
Adult Bronze Dragon Dragon 15
67%
Ancient Blue Dragon Dragon 23
67%
Ancient White Dragon Dragon 20
67%
Gelatinous Cube Ooze 2
67%
Minotaur Monstrosity 3
67%
Young Black Dragon Dragon 7
67%
Young Blue Dragon Dragon 9
67%
Adult Copper Dragon Dragon 14
66%
Ancient Black Dragon Dragon 21
66%
Ancient Green Dragon Dragon 22
66%
Troll Giant 5
66%
Young Green Dragon Dragon 8
66%
Young Silver Dragon Dragon 9
66%
Ancient Silver Dragon Dragon 23
65%
Drow Humanoid 1/4
65%
Young Gold Dragon Dragon 10
65%
Ancient Gold Dragon Dragon 24
64%
Giant Spider Beast 1
64%
Young White Dragon Dragon 6
64%
Frost Giant Giant 8
62%
Iron Golem Construct 16
62%
Stone Giant Giant 7
62%
Storm Giant Giant 13
62%
Young Bronze Dragon Dragon 8
62%
Ancient Bronze Dragon Dragon 22
61%
Ancient Copper Dragon Dragon 21
61%
Ghoul Undead 1
61%
Imp Fiend 1
61%
Stone Golem Construct 10
61%
Young Copper Dragon Dragon 7
61%
Gnoll Humanoid 1/2
60%
Pixie Fey 1/4
60%
Shadow Undead 1/2
60%
Tarrasque Monstrosity 30
60%
Eagle Beast 0
59%
Flesh Golem Construct 5
59%
Kobold Humanoid 1/8
59%
Tiger Beast 1
59%
Adult Brass Dragon Dragon 13
57%
Lion Beast 1
57%
Spider Beast 0
57%
Rat Beast 0
56%
Cloud Giant Giant 9
55%
Dire Wolf Beast 1
55%
Owlbear Monstrosity 3
55%
Red Dragon Wyrmling Dragon 4
55%
Werewolf Humanoid 3
55%
Aboleth Aberration 10
54%
Black Dragon Wyrmling Dragon 2
54%
Blue Dragon Wyrmling Dragon 3
54%
Kraken Monstrosity 23
54%
Pit Fiend Fiend 20
54%
Young Brass Dragon Dragon 6
54%
Ancient Brass Dragon Dragon 20
53%
Banshee Undead 4
53%
Brown Bear Beast 1
53%
Green Dragon Wyrmling Dragon 2
53%
White Dragon Wyrmling Dragon 2
53%
Guard Humanoid 1/8
52%
Bronze Dragon Wyrmling Dragon 2
51%
Copper Dragon Wyrmling Dragon 1
51%
Gold Dragon Wyrmling Dragon 3
51%
Silver Dragon Wyrmling Dragon 2
51%
Aarakocra Humanoid 1/4
50%
Demilich Undead 18
50%
Duergar Humanoid 1
50%
Mimic Monstrosity 2
50%
Cat Beast 0
49%
Clay Golem Construct 9
49%
Incubus/Succubus Fiend 4
49%
Planetar Celestial 16
49%
Tyrannosaurus Rex Beast 8
49%
Brass Dragon Wyrmling Dragon 1
48%
Giant Eagle Beast 1
48%
Harpy Monstrosity 1
48%
Lizard Beast 0
48%
Solar Celstial 21
48%
Werebear Humanoid 5
48%
Commoner Humanoid 0
47%
Black Bear Beast 1/2
46%
Displacer Beast Monstrosity 3
46%
Elephant Beast 4
46%
Ghast Undead 2
46%
Gorgon Monstrosity 5
46%
Polar Bear Beast 2
46%
Bandit Humanoid 1/8
45%
Dragon Turtle Dragon 17
45%
Medusa Monstrosity 6
45%
Raven Beast 0
45%
Vampire Spawn Undead 5
45%
Bat Beast 0
44%
Warhorse Beast 1/2
44%
Wyvern Dragon 6
44%
Balor Fiend 19
43%
Basilisk Monstrosity 3
43%
Black Pudding Ooze 4
43%
Dryad Fey 1
43%
Wererat Humanoid 2
43%
Centaur Monstrosity 2
41%
Chain Devil Fiend 8
41%
Ice Devil Fiend 14
41%
Night Hag Fiend 5
41%
Pseudodragon Dragon 1/4
41%
Roc Monstrosity 11
41%
Sea Hag Fey 2
41%
Wight Undead 3
41%
Animated Armor Construct 1
40%
Merfolk Humanoid 1/8
40%
Treant Plant 9
40%
Beholder Zombie Undead 5
39%
Giant Owl Beast 1/4
39%
Green Hag Fey 3
39%
Lizardfolk Humanoid 1/2
39%
Ogre Zombie Undead 2
39%
Unicorn Celestial 5
39%
Yeti Monstrosity 3
39%
Ape Beast 1/2
38%
Archmage Humanoid 12
38%
Djinni Elemental 11
38%
Hydra Monstrosity 8
38%
Mage Humanoid 6
38%
Noble Humanoid 1/8
38%
Ochre Jelly Ooze 2
38%
Purple Worm Monstrosity 15
38%
Spectator Aberration 3
38%
Weretiger Humanoid 4
38%
Wraith Undead 5
38%
Bearded Devil Fiend 3
37%
Boar Beast 1/4
37%
Deep Gnome Humanoid 1/2
37%
Giant Rat Beast 1/8
37%
Hawk Beast 0
37%
Minotaur Skeleton Undead 2
37%
Octopus Beast 0
37%
Triceratops Beast 5
37%
Cultist Humanoid 1/8
36%
Deer Beast 0
36%
Hell Hound Fiend 3
36%
Specter Undead 1
36%
Blink Dog Fey 1/4
35%
Cyclops Giant 6
35%
Deva Celestial 10
35%
Efreeti Elemental 11
35%
Gray Ooze Ooze 1/2
35%
Hippogriff Monstrosity 1
35%
Knight Humanoid 3
35%
Kuo-toa Humanoid 1/4
35%
Manticore Monstrosity 3
35%
Bandit Captain Humanoid 2
34%
Druid Humanoid 2
34%
Ettin Giant 4
34%
Giant Ape Beast 7
34%
Hyena Beast 0
34%
Mummy Undead 3
34%
Nightmare Fiend 3
34%
Pegasus Celestial 2
34%
Satyr Fey 1/2
34%
Shambling Mound Plant 5
34%
Yuan-ti Pureblood Humanoid 1
34%
Assassin Humanoid 8
33%
Bulette Monstrosity 5
33%
Crocodile Beast 1/2
33%
Death Knight Undead 17
33%
Griffon Monstrosity 2
33%
Panther Beast 1/4
33%
Sprite Fey 1/4
33%
Barbed Devil Fiend 5
32%
Chimera Monstrosity 6
32%
Frog Beast 0
32%
Giant Bat Beast 1/4
32%
Xorn Elemental 5
32%
Drider Monstrosity 6
31%
Elk Beast 1/4
31%
Hook Horror Monstrosity 3
31%
Intellect Devourer Aberration 2
31%
Rakshasa Fiend 13
31%
Sahuagin Humanoid 1/2
31%
Water Weird Elemental 3
31%
Erinyes Fiend 12
30%
Giant Octopus Beast 1
30%
Mammoth Beast 6
30%
Quasit Fiend 1
30%
Scorpion Beast 0
30%
Wereboar Humanoid 4
30%
Bone Devil Fiend 9
29%
Dao Elemental 11
29%
Death Tyrant Undead 14
29%
Gargoyle Elemental 2
29%
Giant Scorpion Beast 3
29%
Acolyte Humanoid 1/4
28%
Adult Blue Dracolich Undead 17
28%
Doppelganger Monstrosity 3
28%
Goat Beast 0
28%
Goblin Boss Humanoid 1
28%
Phase Spider Monstrosity 3
28%
Revenant Undead 5
28%
Roper Monstrosity 5
28%
Will-o-Wisp Undead 2
28%
Azer Elemental 2
27%
Cambion Fiend 5
27%
Cloaker Aberration 8
27%
Giant Shark Beast 5
27%
Gibbering Mouther Aberration 2
27%
Lemure Fiend 0
27%
Marid Elemental 11
27%
Mastiff Beast 1/8
27%
Mud Mephit Elemental 1/4
27%
Rug of Smothering Construct 2
27%
Flumph Aberration 1/8
26%
Merrow Monstrosity 2
26%
Rust Monster Monstrosity 1/2
26%
Twig Blight Plant 1/8
26%
Worg Monstrosity 1/2
26%
Badger Beast 0
24%
Crab Beast 0
24%
Empyrean Celestial 23
24%
Faerie Dragon Dragon 2
24%
Giant Boar Beast 2
24%
Giant Frog Beast 1/4
24%
Kenku Humanoid 1/4
24%
Oni Giant 7
24%
Orog Humanoid 2
24%
Priest Humanoid 2
24%
Shadow Demon Fiend 4
24%
Spined Devil Fiend 2
24%
Steam Mephit Elemental 1/4
24%
Umber Hulk Monstrosity 5
24%
Vine Blight Plant 1/2
24%
Berserker Humanoid 2
23%
Cockatrice Monstrosity 1/2
23%
Ettercap Monstrosity 2
23%
Flying Sword Construct 1/4
23%
Giant Crocodile Beast 5
23%
Giant Hyena Beast 1
23%
Helmed Horror Construct 4
23%
Horned Devil Fiend 11
23%
Mummy Lord Undead 15
23%
Quadrone Construct 1
23%
Stirge Beast 1/8
23%
Yuan-ti Abomination Monstrosity 7
23%
Ankheg Monstrosity 2
22%
Barlgura Fiend 5
22%
Behir Monstrosity 11
22%
Bugbear Chief Humanoid 3
22%
Carrion Crawler Monstrosity 2
22%
Drow Mage Humanoid 7
22%
Dust Mephit Elemental 1/2
22%
Fomorian Giant 8
22%
Giant Constrictor Snake Beast 2
22%
Giant Elk Beast 2
22%
Ice Mephit Elemental 1/2
22%
Remorhaz Monstrosity 11
22%
Spy Humanoid 1
22%
Thug Humanoid 1/2
22%
Warhorse Skeleton Undead 1/2
22%
Constrictor Snake Beast 1/4
21%
Giant Crab Beast 1/8
21%
Giant Toad Beast 1
21%
Gladiator Humanoid 5
21%
Hobgoblin Warlord Humanoid 6
21%
Homunculus Construct 0
21%
Lamia Monstrosity 4
21%
Magma Mephit Elemental 1/2
21%
Quipper Beast 0
21%
Tridrone Construct 1/2
21%
Abominable Yeti Monstrosity 9
20%
Androsphinx Monstrosity 17
20%
Blue Slaad Aberration 7
20%
Bone Naga Undead 4
20%
Chuul Aberration 4
20%
Duodrone Construct 1/4
20%
Giant Centipede Beast 1/4
20%
Giant Wasp Beast 1/2
20%
Hobgoblin Captain Humanoid 3
20%
Marilith Fiend 16
20%
Poltergeist Undead 2
20%
Reef Shark Beast 1/2
20%
Riding Horse Beast 1/4
20%
Salamander Elemental 5
20%
Smoke Mephit Elemental 1/4
20%
Bullywug Humanoid 1/4
19%
Cave Bear Beast 2
19%
Giant Badger Beast 1/4
19%
Giant Goat Beast 1/2
19%
Green Slaad Aberration 8
19%
Monodrone Construct 1/8
19%
Nothic Aberration 2
19%
Orc Eye of Gruumsh Humanoid 2
19%
Pentadrone Construct 2
19%
Piercer Monstrosity 1/2
19%
Red Slaad Aberration 5
19%
Rhinoceros Beast 2
19%
Spirit Naga Monstrosity 8
19%
Veteran Humanoid 3
19%
Vrock Fiend 6
19%
Winged Kobold Humanoid 1/4
19%
Arcanaloth Fiend 12
18%
Awakened Tree Plant 2
18%
Dretch Fiend 1/4
18%
Drow Priestess of Lolth Humanoid 8
18%
Galeb Duhr Elemental 6
18%
Giant Lizard Beast 1/4
18%
Goristro Fiend 17
18%
Gray Slaad Aberration 9
18%
Half-Ogre Giant 1
18%
Invisible Stalker Elemental 6
18%
Manes Fiend 1/8
18%
Needle Blight Plant 1/4
18%
Young Red Shadow Dragon Dragon 13
18%
Drow Elite Warrior Humanoid 5
17%
Flameskull Undead 4
17%
Gnoll Fang of Yeenoghu Humanoid 4
17%
Grick Monstrosity 2
17%
Gynosphinx Monstrosity 11
17%
Killer Whale Beast 3
17%
Nalfeshnee Fiend 13
17%
Peryton Monstrosity 2
17%
Quaggoth Humanoid 2
17%
Scout Humanoid 1/2
17%
Shield Guardian Construct 7
17%
Shrieker Plant 0
17%
Vulture Beast 0
17%
Yochlol Fiend 10
17%
Yuan-ti Malison Monstrosity 3
17%
Awakened Shrub Plant 0
16%
Camel Beast 1/8
16%
Crawling Claw Undead 0
16%
Cult Fanatic Humanoid 2
16%
Death Dog Beast 1
16%
Draft Horse Beast 1/4
16%
Jackal Beast 0
16%
Lizardfolk Shaman Humanoid 2
16%
Mule Beast 1/8
16%
Myconid Adult Plant 1/2
16%
Otyugh Aberration 5
16%
Poisonous Snake Besat 1/8
16%
Sahuagin Baron Humanoid 5
16%
Sahuagin Priestess Humanoid 2
16%
Young Remorhaz Monstrosity 5
16%
Axe Beak Beast 1/4
15%
Couatl Celestial 4
15%
Death Slaad Aberration 10
15%
Giant Vulture Beast 1
15%
Giant Wolf Spider Beast 1/4
15%
Grell Aberration 3
15%
Grimlock Humanoid 1/4
15%
Myconid Sovereign Plant 2
15%
Orc War Chief Humanoid 4
15%
Winter Wolf Monstrosity 3
15%
Allosaurus Beast 2
14%
Githyanki Warrior Humanoid 3
14%
Githzerai Monk Humanoid 2
14%
Glabrezu Fiend 9
14%
Magmin Elemental 1/2
14%
Scarecrow Construct 1
14%
Ultroloth Fiend 13
14%
Gas Spore Plant 1/2
13%
Giant Poisonous Snake Beast 1/4
13%
Guardian Naga Monstrosity 10
13%
Half-Red Dragon Veteran Humanoid 5
13%
Hezrou Fiend 8
13%
Kuo-toa Whip Humanoid 1
13%
Myconid Sprout Plant 0
13%
Troglodyte Humanoid 1/4
13%
Baboon Beast 0
12%
Chasme Fiend 6
12%
Darkmantle Monstrosity 1/2
12%
Flying Snake Beast 1/8
12%
Githyanki Knight Humanoid 8
12%
Gnoll Pack Lord Humanoid 2
12%
Hunter Shark Beast 2
12%
Jackalwere Humanoid 1/2
12%
Kuo-toa Archpriest Humanoid 6
12%
Nycaloth Fiend 9
12%
Violet Fungus Plant 1/4
12%
Ankylosaurus Beast 3
11%
Blood Hawk Beast 1/8
11%
Fire Snake Elemental 1
11%
Giant Fire Beetle Beast 0
11%
Grick Alpha Monstrosity 7
11%
Mind Flayer Arcanist Aberration 8
11%
Quaggoth Spore Servant Plant 1
11%
Thri-kreen Humanoid 1
11%
Vampire Warrior Undead 15
11%
Giant Sea Horse Beast 1/2
10%
Giant Weasel Beast 1/8
10%
Githzerai Zerth Humanoid 6
10%
Mezzoloth Fiend 5
10%
Plesiosaurus Beast 2
10%
Sea Horse Beast 0
10%
Tribal Warrior Humanoid 1/8
10%
Vampire Spellcaster Undead 15
10%
Weasel Beast 0
10%
Pony Beast 1/8
9%
Pteranodon Beast 1/4
9%
Lizard King/Lizard Queen Humanoid 4
7%
Saber-Toothed Tiger Beast 2
7%
Slaad Tadpole Aberration 1/8
6%
Kuo-toa Monitor Humanoid 3
5%
Quaggoth Thonot Humanoid 3
5%
No matching quizzes found
Score Distribution
Percent of People with Each Score
Percentile by Number Answered
Your Score History
You have not taken this quiz since the last reset